000
00305nam a2200121Ia 4500
008
231129s9999||||xx |||||||||||||| ||spa||
040
_b
spa
082
_a
616.849 T693s
100
_a
Torres Norry Jose
245
0
_a
El sueño y los sueños
264
_a
Barcelona (España) : Grijalbo
942
_2
ddc
_c
BKS
999
_c
12491
_d
12491